000 00424nam a2200157 i 4500
001 97218
003 ES-MaACL
005 20230906182048.0
007 t|
008 050708s1959 sp ||||1| spa d
100 1 _aManzano, Braulio.
_976215
245 1 0 _aPueblos, escuelas y educadores /
_cP. Braulio Manzano.
260 _aMadrid :
_bAtenas,
_c1959.
300 _a199 p. ;
_c22 cm.
852 _aES-MaACL
_jC-16471
_bR.44784
999 _c97218
_d97218